Every Municipality in Elgin County, Ontario - Statistics

General Stats
  • This quiz has been taken 9 times
  • The average score is 6 of 8
Answer Stats
Answer % Correct
St. Thomas
100%
West Elgin
100%
Aylmer
80%
Central Elgin
80%
Dutton/Dunwich
80%
Southwold
60%
Bayham
40%
Malahide
40%
No matching quizzes found
Score Distribution
Percent of People with Each Score
Percentile by Number Answered
Your Score History
You have not taken this quiz